000 00727nam a2200229 4500
003 OSt
005 20240618080737.0
006 a
008 240618b |||||||| |||| 00| 0 eng d
020 _a1875897615
040 _aDWCL-Main lib.
_cOC
082 _aCirc. 362.12 M168c 1999
100 _aMcMurray, Anne
245 _aCommunity health and wellness: a socioecological approach /
260 _aMelbourne :
_bMcPherson’s Printing Group.,
_cc1999.
300 _b408 p.;
_c24 cm.
504 _aIncludes index.
650 _a1. Public health–Social aspects–Australia.
650 _a2. Health promotion–Social aspects–Australia.
650 _a3. Social medicine–Australia.
942 _2ddc
_n0
_cBK-CIRC
_kCirc.
999 _c835
_d835